| 000 | 00372cam a2200157ua 4500 | ||
|---|---|---|---|
| 041 |
_aeng _h |
||
| 082 |
_a928.21 _bROW/WI |
||
| 100 | _aRowse, A L . | ||
| 245 |
_aWilliam Shakespeare / _cA L Rowse. _hTextual Documents |
||
| 250 |
_a1 / _b. |
||
| 260 |
_aLondon : _bMcMillon & Co Ltd , _c1963. |
||
| 300 | _a484 ; . | ||
| 504 | _a | ||
| 942 | _cBK | ||
| 999 |
_c7645 _d7645 |
||